LEADER 00847cam0-22003131i-450 001 990003006990403321 005 20200318120406.0 010 $a0-333-52416-0 035 $a000300699 035 $aFED01000300699 035 $a(Aleph)000300699FED01 035 $a000300699 100 $a20000920d1990----kmuy0itay50------ba 101 0 $aeng 102 $aGB 105 $ay-------001yy 200 1 $aAlfred Marshall's Mission$fDavid Reisman 210 $aBasingstoke$aLondon$cMacmillan$d1990. 215 $aV, 309 p.$d23 cm 610 0 $aMarshall, Alfred 676 $aD/0.2 700 1$aReisman,$bDavid Alexander$f<1943- >$0118598 801 0$aIT$bUNINA$gRICA$2UNIMARC 901 $aBK 912 $a990003006990403321 952 $aD/0.2 REI/N.A.$b8992$fSES 959 $aSES 996 $aAlfred Marshall's Mission$9468275 997 $aUNINA LEADER 01739nam0 22003973i 450 001 VAN0225581 005 20230605093834.367 017 70$2N$a9783030482060 100 $a20211012d2020 |0itac50 ba 101 $aeng 102 $aCH 105 $a|||| ||||| 200 1 $aAnalysis of Piezoelectric Semiconductor Structure$fJiashi Yang 210 $aCham$cSpringer$d2020 215 $aviii, 230 p.$cill.$d24 cm 500 1$3VAN0225583$aAnalysis of Piezoelectric Semiconductor Structure$91878899 606 $a74-XX$xMechanics of deformable solids [MSC 2020]$3VANC022466$2MF 606 $a82D37$xStatistical mechanical studies of semiconductors [MSC 2020]$3VANC023098$2MF 606 $a74F15$xElectromagnetic effects in solid mechanics [MSC 2020]$3VANC035274$2MF 610 $aElectromechanical coupling$9KW:K 610 $aMechanics of piezoelectric semiconductors$9KW:K 610 $aPiezoelectricity$9KW:K 610 $aPiezotronics$9KW:K 610 $aSemiconductors$9KW:K 610 $aSolid mechanics$9KW:K 620 $aCH$dCham$3VANL001889 700 1$aYang$bJiashi$3VANV095991$0476573 712 $aSpringer $3VANV108073$4650 801 $aIT$bSOL$c20240614$gRICA 856 4 $uhttp://doi.org/10.1007/978-3-030-48206-0$zE-book ? Accesso al full-text attraverso riconoscimento IP di Ateneo, proxy e/o Shibboleth 899 $aBIBLIOTECA DEL DIPARTIMENTO DI MATEMATICA E FISICA$1IT-CE0120$2VAN08 912 $fN 912 $aVAN0225581 950 $aBIBLIOTECA DEL DIPARTIMENTO DI MATEMATICA E FISICA$d08CONS e-book 4150 $e08eMF4150 20211012 996 $aAnalysis of Piezoelectric Semiconductor Structure$91878899 997 $aUNICAMPANIA